000
00283nam a22001217a 4500
008
180517b xxu||||| |||| 00| 0 eng d
041
_a
eng
080
_a
043.3
100
_a
0
101
_a
SHKI-MA
245
_a
Analiza dhe Krahasimet ne Ipv4 dhe IPV6
_c
Klaiqi, S
942
_2
udc
_c
BK
999
_c
45879
_d
45879